00919 a2200145 4500003000500000005001700005040000900022082001200031100002200043245004700065260003500112300001200147505059100159650002300750NUST20221207181237.0 cNust a297,SAL aSalahuddin, S.V.  aIslam peace and conflict /cS.V.Salahuddin aNew DelhibPentgon pressc2008 a274 p.: aRevolution In Iran (Page-1), Egypt-Israeli Peace Treaty (Page-27), Pakistan And The Hanging Of A Prime Minister (Page-72), Saddam Hussain Becomes The President On Iraq (Page-93), Capture Of The Holy Kaaba At Macca (Page-179), Soviet Invasion Of Afghanistan (Page-162), Is Religion Driving Terror (Page-195), The Changing Face Of Terror (Page-205), America The Vulnerable (Page-212), Political Islam And Its Direction (Page-220), Resolution Of Middle East Issues (Page-228), The Myth Of The Omnipresent Enemy (Page-245), The West And The Muslim World (Page-253), Muslim World (Page-258). apeace and conflict